000 00320nam a2200133Ia 4500
005 20251222143130.0
008 251222s9999||||xx |||||||||||||| ||spa||
020 _a84-95645-61-0
082 _a809.01/C17
100 _aCallejo Cabo, Jesús
245 0 _aEnigmas Literarios:
264 _bCorona Borealis
942 _cLIB
999 _c11878
_d11878